[Event "Dubrovnik Advent op"]
[Site "Dubrovnik"]
[Date "2023.12.03"]
[Round "6"]
[White "Plenkovic, Zdenko"]
[Black "Seferovic, Relja"]
[Result "1-0"]
[WhiteElo "2341"]
[BlackElo "2031"]
[PlyCount "113"]
[EventDate "2023.12.01"]
[EventType "swiss"]
[EventRounds "6"]
[EventCountry "CRO"]
[SourceTitle "CB49_2023"]
[SourceDate "2023.12.06"]
[SourceVersion "1"]
[SourceVersionDate "2023.12.06"]
[SourceQuality "1"]

1. e4 Nf6 2. Nc3 d5 3. exd5 Nxd5 4. Bc4 Nxc3 5. Qf3 e6 6. dxc3 Qh4 7. Qe2 Bc5 8. Nf3 Qe7 9. Bf4 0-0 10. 0-0-0 Nc6 11. h4 Bd6 12. Bg5 f6 13. Bd2 Na5 14. Bd3 f5 15. Rde1 Bd7 16. Bg5 Qe8 17. Ne5 Bc8 18. h5 a6 19. Nc4 Nc6 20. Nxd6 cxd6 21. Bc4 Ne5 22. Bb3 Nf7 23. f4 h6 24. Bh4 d5 25. Bxd5 Qa4 26. Qc4 Qxc4 27. Bxc4 Re8 28. Rh3 Nd6 29. Bd3 Bd7 30. Rg3 Kf7 31. Rg6 Bb5 32. Re3 Bc6 33. Bf2 Re7 34. Reg3 Kf8 35. Bd4 Be8 36. Bxg7+ Kg8 37. Bf6+ Bxg6 38. Rxg6+ Kf7 39. Bxe7 Kxe7 40. Kd2 Nf7 41. Ke3 Rc8 42. a4 a5 43. g4 fxg4 44. Be2 g3 45. Rxg3 Rc5 46. Rg6 Rc6 47. Bf3 Rc7 48. f5 exf5 49. Bd5 Rd7 50. c4 Nd6 51. Rxh6 Kf8 52. Kf4 Nxc4 53. Be6 Rd4+ 54. Kg5 Kg7 55. Rg6+ Kh7 56. Bxf5 Nxb2 57. Rb6+ 1-0

[Event "Topusko op 5th"]
[Site "Topusko"]
[Date "2016.08.13"]
[Round "9"]
[White "Seferovic, Relja"]
[Black "Grguric, Dragan"]
[Result "1/2-1/2"]
[WhiteElo "2031"]
[BlackElo "2041"]
[PlyCount "93"]
[EventDate "2016.08.06"]
[EventType "swiss"]
[EventRounds "9"]
[EventCountry "CRO"]
[SourceTitle "CBM 173 Extra"]
[Source "ChessBase"]
[SourceDate "2016.08.29"]
[SourceVersion "1"]
[SourceVersionDate "2016.08.29"]
[SourceQuality "1"]

1. d4 Nf6 2. Nf3 g6 3. Bg5 Bg7 4. Nbd2 c5 5. e3 cxd4 6. exd4 0-0 7. Bd3 Nc6 8. c3 d6 9. 0-0 a6 10. Re1 b5 11. a3 Bb7 12. b4 Qc7 13. Rc1 e5 14. Qb3 Rfe8 15. c4 Nxd4 16. Nxd4 exd4 17. cxb5 Rxe1+ 18. Rxe1 axb5 19. Bxb5 Qc3 20. Qxc3 dxc3 21. Nc4 Ne4 22. Be3 d5 23. Na5 d4 24. Bc1 Bd5 25. Nc6 Nd6 26. Ne7+ Kf8 27. Bd3 Be6 28. Nc6 Bd5 29. Na5 f5 30. f3 Rc8 31. Ba6 Re8 32. Kf2 Rxe1 33. Kxe1 Ke7 34. Ke2 Kd7 35. Bf4 Nf7 36. b5 g5 37. Bb8 Ne5 38. b6 Nc6 39. Bb5 c2 40. Kd2 d3 41. Kc1 Bd4 42. Bxd3 Nxa5 43. Bxf5+ Be6 44. Bxh7 Bxb6 45. Kxc2 Nc6 46. Bg3 Bc5 47. a4 1/2-1/2

[Event "Topusko op 5th"]
[Site "Topusko"]
[Date "2016.08.07"]
[Round "2"]
[White "Balenovic, Zvonimir"]
[Black "Seferovic, Relja"]
[Result "1-0"]
[WhiteElo "2190"]
[BlackElo "2031"]
[PlyCount "127"]
[EventDate "2016.08.06"]
[EventType "swiss"]
[EventRounds "9"]
[EventCountry "CRO"]
[SourceTitle "CBM 173 Extra"]
[Source "ChessBase"]
[SourceDate "2016.08.29"]
[SourceVersion "1"]
[SourceVersionDate "2016.08.29"]
[SourceQuality "1"]

1. e4 e6 2. d4 d5 3. e5 c5 4. c3 Qb6 5. Nf3 Nc6 6. a3 c4 7. Be2 Bd7 8. 0-0 0-0-0 9. Nbd2 Na5 10. Rb1 f6 11. Re1 Nh6 12. b4 cxb3 13. c4 Ba4 14. c5 Qc6 15. Bb2 Nf7 16. exf6 gxf6 17. Qc1 Bh6 18. Qc3 Qc7 19. Qb4 Bd7 20. Bc3 Nc6 21. Qxb3 Rhg8 22. Nf1 e5 23. Kh1 Bf5 24. Rb2 Be4 25. Ng3 Bxf3 26. Bxf3 e4 27. Bh5 Rd7 28. Bxf7 Rxf7 29. Qxd5 Rg5 30. Qe6+ Kb8 31. Qe8+ Nd8 32. Reb1 Kc8 33. Qxe4 f5 34. Qf3 Bf8 35. h3 Qd7 36. Ba5 Nc6 37. Bc3 Nd8 38. Bd2 Rg6 39. Ne2 Re6 40. d5 Rxe2 41. Qxe2 Qxd5 42. Bg5 Ne6 43. c6 Bd6 44. cxb7+ Kb8 45. Rd1 Qe5 46. Qxe5 Bxe5 47. Re2 Nxg5 48. Rxe5 Kxb7 49. Rdd5 Rg7 50. Rxf5 Ne4 51. Rd4 Nc3 52. Rb4+ Ka6 53. Rh5 Rf7 54. f3 Ne2 55. Kh2 Nf4 56. Rh6+ Ka5 57. Rxf4 Rxf4 58. Rxh7 Kb6 59. Re7 Ra4 60. Re3 Kc5 61. g4 Ra6 62. Kg3 Kd4 63. Re4+ Kd3 64. a4 1-0

[Event "Topusko op 5th"]
[Site "Topusko"]
[Date "2016.08.07"]
[Round "3"]
[White "Seferovic, Relja"]
[Black "Dasic, Jelena"]
[Result "1-0"]
[WhiteElo "2031"]
[BlackElo "1693"]
[PlyCount "57"]
[EventDate "2016.08.06"]
[EventType "swiss"]
[EventRounds "9"]
[EventCountry "CRO"]
[SourceTitle "CBM 173 Extra"]
[Source "ChessBase"]
[SourceDate "2016.08.29"]
[SourceVersion "1"]
[SourceVersionDate "2016.08.29"]
[SourceQuality "1"]

1. d4 Nf6 2. Nf3 e6 3. g3 d5 4. Bg2 b6 5. 0-0 Bb7 6. c4 Nbd7 7. Nc3 Bb4 8. Qa4 Bxc3 9. bxc3 0-0 10. Rb1 Ne4 11. Qc2 dxc4 12. Ng5 Nxg5 13. Bxb7 Rb8 14. Ba6 e5 15. dxe5 Nxe5 16. f4 Qd5 17. fxg5 b5 18. Be3 c6 19. Rfd1 Qe6 20. Qe4 f5 21. gxf6 Rxf6 22. a4 Ng4 23. Qxe6+ Rxe6 24. Bf4 Ne5 25. axb5 c5 26. Bxe5 Rxe5 27. b6 axb6 28. Bxc4+ Kf8 29. Rd6 1-0

[Event "Zadar op-B 21th"]
[Site "Zadar"]
[Date "2014.12.17"]
[Round "6"]
[White "Medancic, Rikard"]
[Black "Seferovic, Relja"]
[Result "1-0"]
[WhiteElo "2212"]
[BlackElo "2038"]
[PlyCount "101"]
[EventDate "2014.12.14"]
[EventType "swiss"]
[EventRounds "9"]
[EventCountry "CRO"]
[SourceTitle "EXT 2016"]
[Source "ChessBase"]
[SourceDate "2015.10.08"]
[SourceVersion "1"]
[SourceVersionDate "2015.10.08"]
[SourceQuality "1"]

1. d4 e6 2. c4 Nf6 3. Nc3 Bb4 4. Nf3 c5 5. g3 Ne4 6. Qd3 Qa5 7. Qxe4 Bxc3+ 8. Bd2 Bxd2+ 9. Nxd2 Nc6 10. dxc5 Qxc5 11. Bg2 Qa5 12. Qd3 Ne5 13. Qd4 f6 14. 0-0 0-0 15. Rfd1 Nf7 16. Ne4 Rd8 17. Nd6 Nxd6 18. Qxd6 Re8 19. Rd3 Qb6 20. b4 Qxd6 21. Rxd6 Rb8 22. a4 Kf8 23. c5 Ke7 24. a5 Rh8 25. Rad1 Rf8 26. b5 Rh8 27. e3 Rf8 28. Bf3 Rh8 29. h4 Rf8 30. R1d4 Rh8 31. Be4 h6 32. h5 Rf8 33. f4 Rh8 34. Kg2 Rf8 35. g4 Rh8 36. Kg3 Rf8 37. Rd1 Rh8 38. Bg2 Rf8 39. Kh4 Rf7 40. Rf1 Rf8 41. g5 fxg5+ 42. fxg5 Rxf1 43. Bxf1 Kf8 44. Bg2 Ke7 45. Kg4 Kf8 46. e4 Ke7 47. e5 Kf8 48. Rd2 hxg5 49. Kxg5 b6 50. cxb6 axb6 51. a6 1-0

[Event "Zadar op-B 19th"]
[Site "Zadar"]
[Date "2012.12.17"]
[Round "3"]
[White "Seferovic, Relja"]
[Black "Curic, Drazen"]
[Result "1-0"]
[WhiteElo "2018"]
[BlackElo "2293"]
[PlyCount "97"]
[EventDate "2012.12.16"]
[EventType "swiss"]
[EventRounds "9"]
[EventCountry "CRO"]
[SourceTitle "EXT 2014"]
[Source "ChessBase"]
[SourceDate "2013.11.20"]
[SourceVersion "1"]
[SourceVersionDate "2013.11.20"]
[SourceQuality "1"]

1. d4 g6 2. Nf3 Bg7 3. g3 b6 4. Bg2 Bb7 5. c4 e6 6. 0-0 Ne7 7. Nc3 d6 8. e4 Nd7 9. Re1 h6 10. Qc2 a6 11. Be3 0-0 12. Rad1 f5 13. h4 Nf6 14. exf5 Nxf5 15. Bc1 Qe7 16. d5 e5 17. h5 Qf7 18. hxg6 Qxg6 19. Bf1 Qh5 20. Be2 Ng4 21. Qe4 Bc8 22. Kg2 Nf6 23. Qb1 Qf7 24. Rh1 Bd7 25. Bd3 Ng4 26. Rdf1 Nd4 27. Ng5 Qe7 28. Bh7+ Kh8 29. Be4 Nf5 30. Ne6 Bxe6 31. dxe6 Qxe6 32. Bxa8 Rxa8 33. Qe4 Rf8 34. Nd5 Qg6 35. Kg1 Nf6 36. Nxf6 Qxf6 37. Kg2 Qe6 38. b3 b5 39. Re1 Qf6 40. Be3 bxc4 41. bxc4 Qf7 42. Re2 Qe6 43. Rb1 Ne7 44. Reb2 c6 45. Rb8 d5 46. cxd5 cxd5 47. Rxf8+ Bxf8 48. Qf3 Nf5 49. Rb8 1-0

[Event "Topusko op"]
[Site "Topusko"]
[Date "2012.08.06"]
[Round "3"]
[White "Seferovic, Relja"]
[Black "Sevo, Igor"]
[Result "0-1"]
[WhiteElo "2025"]
[BlackElo "2230"]
[PlyCount "118"]
[EventDate "2012.08.04"]
[EventType "swiss"]
[EventRounds "7"]
[EventCountry "CRO"]
[SourceTitle "EXT 2013"]
[Source "ChessBase"]
[SourceDate "2012.11.22"]
[SourceVersion "1"]
[SourceVersionDate "2012.11.22"]
[SourceQuality "1"]

1. d4 Nf6 2. Nf3 g6 3. g3 Bg7 4. Bg2 0-0 5. 0-0 d6 6. c4 Nc6 7. Nc3 a6 8. h3 e5 9. d5 Ne7 10. e4 h6 11. c5 Ne8 12. cxd6 Nxd6 13. Re1 g5 14. b3 Ng6 15. Bb2 g4 16. hxg4 Bxg4 17. Qc2 h5 18. Nh2 Bd7 19. Qe2 h4 20. Qh5 Ne8 21. Ng4 Nf6 22. Nxf6+ Bxf6 23. Nd1 Kg7 24. Ne3 Rh8 25. Nf5+ Bxf5 26. Qxf5 Rh6 27. Bc1 Rh7 28. Be3 Ne7 29. Qf3 Qd7 30. Rad1 Nc8 31. Qf5 Qe7 32. Bh3 Nd6 33. Qg4+ Kh8 34. Qd7 hxg3 35. fxg3 Rg8 36. Bf2 Qxd7 37. Bxd7 Rh4 38. g4 Rhxg4+ 39. Bxg4 Rxg4+ 40. Kh2 Nxe4 41. Be3 Be7 42. Rg1 Rh4+ 43. Kg2 f5 44. Rh1 Rxh1 45. Rxh1+ Kg7 46. Rh5 Nd6 47. Kf2 Bf6 48. Ba7 Kg6 49. Rh1 Nb5 50. Bb8 Nc3 51. Bxc7 Nxd5 52. Bb8 Nc3 53. a4 e4 54. Rg1+ Kf7 55. Rh1 b5 56. axb5 axb5 57. Bf4 Nd5 58. Kg3 Bc3 59. Rh5 Be1+ 0-1

[Event "Zadar op-B 18th"]
[Site "Zadar"]
[Date "2011.12.12"]
[Round "2"]
[White "Seferovic, Relja"]
[Black "Jelecevic, Ivo"]
[Result "0-1"]
[WhiteElo "2061"]
[BlackElo "2205"]
[PlyCount "90"]
[EventDate "2011.12.11"]
[EventType "swiss"]
[EventRounds "9"]
[EventCountry "CRO"]
[SourceTitle "CBM 145 Extra"]
[Source "ChessBase"]
[SourceDate "2012.01.03"]
[SourceVersion "1"]
[SourceVersionDate "2012.01.03"]
[SourceQuality "1"]

1. d4 d5 2. c4 c6 3. Nf3 Nf6 4. Nc3 e6 5. e3 Nbd7 6. Qc2 a6 7. b3 Bd6 8. Be2 0-0 9. 0-0 Re8 10. Bb2 b5 11. Rfd1 Qc7 12. c5 Bf8 13. b4 e5 14. dxe5 Nxe5 15. Nxe5 Rxe5 16. a4 Bf5 17. Bd3 Bxd3 18. Qxd3 Rh5 19. h3 Re8 20. axb5 axb5 21. Ne2 Ne4 22. Ra6 Rh6 23. Nd4 Qc8 24. Rda1 Rg6 25. Kf1 Qc7 26. f4 Rc8 27. Ra7 Qd8 28. Nf5 Re6 29. Qd4 Rf6 30. g4 Qe8 31. Qe5 Re6 32. Qd4 f6 33. Kg2 h5 34. Rb7 hxg4 35. hxg4 Qg6 36. Kf3 Qh7 37. Rg1 Qh2 38. Rg2 Qh1 39. Ng3 Nxg3 40. Kxg3 Qe1+ 41. Kf3 Rce8 42. Re2 Qf1+ 43. Rf2 Qh3+ 44. Ke2 Rxe3+ 45. Kd2 Qg3 0-1

[Event "Zadar op-B 17th"]
[Site "Zadar"]
[Date "2010.12.15"]
[Round "5"]
[White "Seferovic, Relja"]
[Black "Ivanov, Borislav"]
[Result "1/2-1/2"]
[WhiteElo "2055"]
[BlackElo "2194"]
[PlyCount "71"]
[EventDate "2010.12.12"]
[EventType "swiss"]
[EventRounds "9"]
[EventCountry "CRO"]
[SourceTitle "CBM 139 Extra"]
[Source "ChessBase"]
[SourceDate "2011.01.05"]
[SourceVersion "1"]
[SourceVersionDate "2011.01.05"]
[SourceQuality "1"]

1. d4 d5 2. c4 c6 3. Nf3 Nf6 4. Qc2 g6 5. g3 Bg7 6. Bg2 0-0 7. 0-0 Bf5 8. Qb3 Qb6 9. Qxb6 axb6 10. Nbd2 dxc4 11. Nxc4 b5 12. Ncd2 Na6 13. Ne1 Rfd8 14. e4 Be6 15. Nc2 Nb8 16. b3 Ne8 17. Nf3 c5 18. Be3 Bg4 19. Ne5 Be2 20. Rfe1 cxd4 21. Bxd4 Rxd4 22. Nxd4 Bxe5 23. Nxe2 Bxa1 24. Rxa1 Nc6 25. e5 Nxe5 26. Bxb7 Ra7 27. Bg2 b4 28. Nd4 Nd6 29. Nc2 Nd3 30. Bf1 Nc5 31. Nxb4 Nxb3 32. Nc6 Ra3 33. Rd1 Rxa2 34. Nxe7+ Kf8 35. Nxg6+ hxg6 36. Rxd6 1/2-1/2

[Event "Zadar op-B 15th"]
[Site "Zadar"]
[Date "2008.12.20"]
[Round "9"]
[White "Seferovic, Relja"]
[Black "Vlashki, Nino"]
[Result "0-1"]
[WhiteElo "2008"]
[BlackElo "2199"]
[PlyCount "104"]
[EventDate "2008.12.14"]
[EventType "swiss"]
[EventRounds "9"]
[EventCountry "CRO"]
[SourceTitle "CBM 127 Extra"]
[Source "ChessBase"]
[SourceDate "2009.01.08"]
[SourceVersion "2"]
[SourceVersionDate "2009.01.28"]
[SourceQuality "1"]

1. d4 Nf6 2. Nf3 g6 3. c4 Bg7 4. g3 c5 5. d5 d6 6. Bg2 b5 7. cxb5 a6 8. bxa6 Bf5 9. Nc3 0-0 10. 0-0 Ne4 11. Nb5 Qb6 12. a4 Bd7 13. a7 Na6 14. Qc2 Nf6 15. Nc3 Nb4 16. Qd1 Bf5 17. Ne1 Rxa7 18. e4 Bc8 19. Nb5 Ra5 20. Nc2 Nxc2 21. Qxc2 Bd7 22. Bd2 Ra6 23. Nc3 Ng4 24. Rfb1 f5 25. h3 Ne5 26. Be1 fxe4 27. Nxe4 Nf3+ 28. Kh1 Nd4 29. Qd1 c4 30. Bc3 Nb3 31. a5 Nxa5 32. Qe1 Bxc3 33. Qxc3 Bf5 34. f4 Nb3 35. Rxa6 Qxa6 36. Re1 Qa5 37. Qxa5 Nxa5 38. Ra1 Nb3 39. Ra7 Bxe4 40. Bxe4 Nc5 41. Rxe7 Rb8 42. f5 Rxb2 43. fxg6 Nxe4 44. gxh7+ Kh8 45. Rxe4 c3 46. Rc4 c2 47. Rc8+ Kxh7 48. Rc7+ Kg6 49. Rc6 Rb1+ 50. Kg2 c1Q 51. Rxc1 Rxc1 52. h4 Kf5 0-1